[Event "AUTO-ADV-3467"]
[Site "http://www.queenalice.com/game.php?id=1375335"]
[Date "2015.8.4"]
[Round "1"]
[White "sccp1910"]
[Black "jlpbarreto"]
[Result "0-1"]
[WhiteElo "1396"]
[BlackElo "1856"]

1. e4 e5 2. Nf3 Nc6 3. Bc4 Bc5 4. d3 h6 5. Nc3 Nf6 6. Be3 Bb6 7. Nd5 Nxd5 8.
Bxd5 d6 9. Bxb6 axb6 10. O-O Ne7 11. d4 Nxd5 12. exd5 e4 13. Re1 f5 14. Nd2 O-O
15. c4 Bd7 16. a4 Ra6 17. b4 Qa8 18. c5 Rxa4 19. Rxa4 Qxa4 20. c6 Qxd1 21. Rxd1
bxc6 22. dxc6 Be8 23. b5 Bf7 24. Ra1 Bd5 25. Ra7 Rf7 26. h3 f4 0-1

[Event "AUTO-ADV-3467"]
[Site "http://www.queenalice.com/game.php?id=1375362"]
[Date "2015.8.4"]
[Round "1"]
[White "sccp1910"]
[Black "biskydad"]
[Result "0-1"]
[WhiteElo "1535"]
[BlackElo "1863"]

1. e4 c5 2. e5 Nc6 3. Qe2 g6 4. Nf3 Bg7 5. Nc3 d6 6. exd6 Qxd6 7. a3 Bg4 8. h3
Bxf3 9. Qxf3 Rb8 10. Bc4 Nf6 11. O-O Nd4 12. Qd3 O-O 13. Ne4 Nxe4 14. Qxe4 b5
15. Bd5 e6 16. Ba2 Rfe8 17. d3 Nxc2 18. Rb1 a5 19. Bf4 e5 20. Bd2 a4 21. Qf3 Re7
22. b4 Nxa3 23. Rbe1 c4 24. dxc4 Qxd2 25. Ra1 e4 0-1

[Event "AUTO-ADV-3467"]
[Site "http://www.queenalice.com/game.php?id=1375363"]
[Date "2015.8.4"]
[Round "1"]
[White "biskydad"]
[Black "sccp1910"]
[Result "1-0"]
[WhiteElo "1860"]
[BlackElo "1538"]

1. d4 g6 2. e4 b6 3. c4 Bg7 4. e5 Bb7 5. Nc3 e6 6. Nf3 Ne7 7. Bg5 Bxf3 8. Qxf3
Nbc6 9. Bf6 Bxf6 10. Qxf6 O-O 11. d5 Nd4 12. Bd3 Nef5 13. Qxd8 Raxd8 14. g4 Ne7
15. O-O-O Nf3 16. Ne4 Nxe5 17. Nf6+ Kg7 18. g5 exd5 19. cxd5 d6 20. h4 Nf5 21.
Bxf5 gxf5 22. Nh5+ Kg6 23. Nf4+ Kg7 24. h5 Nf3 25. h6+ 1-0

[Event "AUTO-ADV-3472"]
[Site "http://www.queenalice.com/game.php?id=1376531"]
[Date "2015.8.9"]
[Round "1"]
[White "miguel_loki"]
[Black "sccp1910"]
[Result "1-0"]
[WhiteElo "1962"]
[BlackElo "1587"]

1. e4 b6 2. c4 g6 3. d4 Bb7 4. Nc3 Nf6 5. Nf3 c6 6. Bd3 a5 7. Bf4 d6 8. Qd2 Bg7
9. h3 e6 10. a3 O-O 11. Bg5 1-0

[Event "AUTO-ADV-3472"]
[Site "http://www.queenalice.com/game.php?id=1376532"]
[Date "2015.8.9"]
[Round "1"]
[White "sccp1910"]
[Black "miguel_loki"]
[Result "0-1"]
[WhiteElo "1589"]
[BlackElo "1960"]

1. e4 c5 2. e5 Nc6 3. Qe2 Qc7 4. Nf3 e6 5. d3 d6 6. Bf4 dxe5 7. Bxe5 Nxe5 8.
Nxe5 Bd6 9. Nc4 Bxh2 10. g3 Bxg3 11. fxg3 Qxg3+ 12. Qf2 Qxf2+ 13. Kxf2 h6 14.
Nd6+ Ke7 0-1

[Event "AUTO-ADV-3472"]
[Site "http://www.queenalice.com/game.php?id=1376558"]
[Date "2015.8.9"]
[Round "1"]
[White "sphagnis"]
[Black "sccp1910"]
[Result "1-0"]
[WhiteElo "1658"]
[BlackElo "1643"]

1. e4 b6 2. d4 g6 3. Bf4 d6 4. d5 Ba6 5. Bd3 Bg7 6. c3 Nf6 7. Qa4+ Nfd7 8. Bxa6
e5 9. dxe6 fxe6 10. Nf3 O-O 11. Bb7 b5 12. Qa5 c5 13. Qxd8 Rxd8 14. Bxa8 Na6 15.
Bc6 Nb6 16. Bxb5 Nc7 17. Bc6 Nc8 18. Nbd2 e5 19. Bg5 Rf8 20. Nc4 a6 21. Bb7 Ne6
22. Bd5 Kf7 23. O-O-O Ne7 24. h4 Ng8 25. Nxd6# 1-0

[Event "AUTO-ADV-3472"]
[Site "http://www.queenalice.com/game.php?id=1376559"]
[Date "2015.8.9"]
[Round "1"]
[White "sccp1910"]
[Black "sphagnis"]
[Result "0-1"]
[WhiteElo "1509"]
[BlackElo "1749"]

1. e4 e5 2. Nf3 Nc6 3. Bc4 Qf6 4. d3 h6 5. b3 Bb4+ 6. Bd2 d6 7. Bxb4 Nxb4 8. Qd2
Nc6 9. Nc3 Be6 10. a3 a6 11. O-O Nge7 12. b4 b5 13. Bxe6 Qxe6 14. Nd5 Nxd5 15.
exd5 Qxd5 16. Rac1 Qa2 17. Nh4 Qe6 18. Qe2 Nd4 19. Qe4 d5 20. Qe3 Qf6 21. c3 Nb3
22. Rc2 O-O 23. Nf3 Rfe8 24. Nd2 Nxd2 0-1

[Event "AUTO-INT-3037"]
[Site "http://www.queenalice.com/game.php?id=1376766"]
[Date "2015.8.11"]
[Round "1"]
[White "BOTAFOGONISSO"]
[Black "sccp1910"]
[Result "0-1"]
[WhiteElo "1697"]
[BlackElo "1624"]

1. e4 b6 2. Bb5 a5 3. Nc3 c6 4. Bc4 b5 5. Bd3 b4 6. Nce2 e5 7. a4 bxa3 8. b3 Ba6
9. Bxa3 Bxd3 10. cxd3 Bxa3 11. Rxa3 Nf6 12. Ng3 Qe7 13. Nf5 Qxa3 14. Nh3 a4 15.
Ng5 axb3 16. Nxg7+ Kf8 17. Nf5 Qa1 18. O-O Qxd1 19. Rxd1 b2 20. Ne3 Ra1 21. Kf1
Rxd1+ 22. Nxd1 b1=Q 23. Ke2 Kg7 24. Nc3 Qh1 25. h3 Qxg2 26. h4 Ng4 27. Nd1 Nh2
28. Ne3 Qg1 29. Nf5+ Kf6 30. Ne3 Ng4 31. Nxg4+ Qxg4+ 32. Nf3 d5 33. exd5 cxd5
34. d4 e4 0-1

[Event "AUTO-INT-3037"]
[Site "http://www.queenalice.com/game.php?id=1376767"]
[Date "2015.8.11"]
[Round "1"]
[White "sccp1910"]
[Black "BOTAFOGONISSO"]
[Result "0-1"]
[WhiteElo "1571"]
[BlackElo "1781"]

1. e4 e5 2. Nf3 Nc6 3. Bc4 d6 4. d3 h6 5. h3 a6 6. a4 Qf6 7. Nc3 Nb4 8. b3 a5 9.
Be3 Ne7 10. d4 Nec6 11. Bb5 Bd7 12. d5 Nd4 13. Bxd7+ Kxd7 14. Bxd4 exd4 15. Nxd4
c5 16. Nde2 g5 17. Ng3 Qxc3+ 18. Ke2 Bg7 19. Kf1 Qxa1 20. Qxa1 Bxa1 21. Nf5 Nxc2
22. Ke2 Bf6 23. Kf3 Nd4+ 24. Kg4 h5+ 25. Kg3 Be5+ 26. f4 gxf4+ 27. Kf2 Nxb3 28.
Rb1 c4 29. Ke2 Nd4+ 30. Kd2 c3+ 31. Kxc3 Nxf5+ 32. Kd3 Ng3 33. Rxb7+ Ke8 34. Kc4
Nxe4 0-1

[Event "AUTO-INT-3037"]
[Site "http://www.queenalice.com/game.php?id=1376782"]
[Date "2015.8.11"]
[Round "1"]
[White "jajerduco"]
[Black "sccp1910"]
[Result "1-0"]
[WhiteElo "1720"]
[BlackElo "1606"]

1. b3 e5 2. Bb2 Bc5 3. Bxe5 Nh6 4. Bxg7 Rg8 5. Bxh6 Qf6 6. e3 Qxa1 7. Bf4 Bd6 8.
Bxd6 cxd6 9. c3 Nc6 10. Bd3 Qxa2 11. b4 Qd5 12. Bxh7 Rg7 13. Qc2 Qxg2 14. Be4
Qg4 15. Ne2 Ne5 16. h3 Nf3+ 17. Bxf3 Qxf3 18. Rf1 d5 19. d4 d6 20. Nd2 Qxh3 21.
Nf4 1-0

[Event "AUTO-INT-3037"]
[Site "http://www.queenalice.com/game.php?id=1376783"]
[Date "2015.8.11"]
[Round "1"]
[White "sccp1910"]
[Black "jajerduco"]
[Result "0-1"]
[WhiteElo "1618"]
[BlackElo "1708"]

1. e4 d5 2. e5 e6 3. d4 c5 4. Nf3 c4 5. a3 Bd7 6. b3 b5 7. Ng5 Nh6 8. c3 Be7 9.
a4 Bxg5 10. bxc4 Bxc1 11. Qxc1 bxc4 12. Qb2 O-O 13. a5 a6 14. Qc2 Nf5 15. Be2
Qg5 16. O-O Nh4 17. g3 Ng6 18. Nd2 Ne7 19. Qb2 Nbc6 20. Nf3 Qg6 0-1

[Event "AUTO-INT-3037"]
[Site "http://www.queenalice.com/game.php?id=1376792"]
[Date "2015.8.11"]
[Round "1"]
[White "sphagnis"]
[Black "sccp1910"]
[Result "1-0"]
[WhiteElo "1629"]
[BlackElo "1532"]

1. e4 e5 2. Nf3 Bc5 3. d4 exd4 4. Nxd4 Qf6 5. Be3 Nc6 6. Bc4 Nh6 7. h3 Nxd4 8.
c3 b5 9. Bxd4 Bxd4 10. Qxd4 Qxd4 11. cxd4 bxc4 12. Nc3 Bb7 13. O-O O-O 14. d5 f5
15. f3 fxe4 16. fxe4 Nf7 17. Nb5 Rfc8 18. Nc3 Ba6 19. Rf2 Rf8 20. Rb1 Ne5 21.
Rxf8+ Rxf8 22. Rf1 Nd3 23. Rxf8+ Kxf8 24. b4 Ke7 25. Kf1 1-0

[Event "AUTO-INT-3037"]
[Site "http://www.queenalice.com/game.php?id=1376793"]
[Date "2015.8.11"]
[Round "1"]
[White "sccp1910"]
[Black "sphagnis"]
[Result "0-1"]
[WhiteElo "1520"]
[BlackElo "1641"]

1. e4 e5 2. Bc4 Nc6 3. Nf3 Qf6 4. d3 h6 5. Bd2 Bc5 6. Bc3 d6 7. a3 a6 8. b4 Bd4
9. b5 Bxc3+ 10. Nxc3 Nge7 11. bxc6 bxc6 12. h3 Be6 13. O-O d5 14. exd5 cxd5 15.
Bb3 d4 16. Ne4 Qg6 17. c3 Rb8 18. Bxe6 Qxe6 19. cxd4 exd4 20. Nc5 Qd6 21. Qa4+
Qc6 22. Qxc6+ Nxc6 23. Nxa6 Rb7 24. Rfc1 Kd7 25. Rc4 Rb6 0-1

[Event "AUTO-ADV-3369"]
[Site "http://www.queenalice.com/game.php?id=1378486"]
[Date "2015.8.19"]
[Round "2"]
[White "ocbruno"]
[Black "sccp1910"]
[Result "1-0"]
[WhiteElo "2073"]
[BlackElo "1558"]

1. e4 b6 2. Nf3 g6 3. d4 Bb7 4. Nc3 e6 5. Ng5 Bh6 6. f4 d6 7. Bd3 Nc6 8. d5 exd5
9. exd5 Nce7 10. Qe2 Nf6 11. Bb5+ Nd7 12. Qg4 a6 13. Bxd7+ Qxd7 14. Qxd7+ Kxd7
15. Nxf7 1-0

[Event "AUTO-ADV-3369"]
[Site "http://www.queenalice.com/game.php?id=1378487"]
[Date "2015.8.19"]
[Round "2"]
[White "sccp1910"]
[Black "ocbruno"]
[Result "0-1"]
[WhiteElo "1560"]
[BlackElo "2071"]

1. e4 e5 2. Nf3 Bc5 3. Bc4 b5 4. Bxb5 c6 5. Bc4 d5 6. exd5 cxd5 7. Bb5+ Bd7 8.
a4 Qa5 9. Nxe5 Bxb5 10. Qf3 Nf6 11. c3 Qc7 12. axb5 Qxe5+ 13. Kf1 Nbd7 14. d4
Bxd4 15. cxd4 Qxd4 16. Qe2+ Kd8 0-1

[Event "AUTO-ADV-3369"]
[Site "http://www.queenalice.com/game.php?id=1378492"]
[Date "2015.8.19"]
[Round "2"]
[White "robertson"]
[Black "sccp1910"]
[Result "1-0"]
[WhiteElo "1844"]
[BlackElo "1595"]

1. e4 b6 2. Nc3 g6 3. Nf3 Bg7 4. Bc4 Bb7 5. d3 Bxc3+ 6. bxc3 e6 7. h4 a5 8. a4
Qe7 9. Bg5 Nf6 10. e5 d5 11. Bxf6 Qc5 12. Bxh8 dxc4 13. d4 Qd5 14. O-O Nc6 15.
Bf6 1-0